| 000 | 00616nam a2200157 i 4500 | ||
|---|---|---|---|
| 001 | 182732 | ||
| 003 | ES-MaACL | ||
| 005 | 20230906221709.0 | ||
| 008 | 131021s1882 sp |||| | spa d | ||
| 110 | 0 |
_aEspaña. _bDirección General de Obras Públicas. _93763 |
|
| 245 | 1 | 0 |
_aAforos practicados en las cuencas de los rios Ebro, Guadalquivir, Guadiana, Tajo y Duero, durante el año 1881 / _cDirección General de Obras Públicas. |
| 260 |
_aMadrid : _b[s.n.], _c1882 ( _fImp. de Fortanet) |
||
| 300 |
_a103 p. ; _c33 cm. |
||
| 650 | 4 |
_aRíos- _xCaudal- _xMedición- _zEspaña. _9153707 |
|
| 852 |
_aES-MaACL _jT-395-F-7 |
||
| 999 |
_c182732 _d182732 |
||